| 000 | 05619cam a22019334i 4500 | ||
|---|---|---|---|
| 003 | PE-LiUPU | ||
| 005 | 20250813165830.0 | ||
| 008 | 150706s2002 sp r 001 0 spa d | ||
| 020 | _a8445810871 | ||
| 020 | _a9788445810873 | ||
| 035 | _a(Sirsi) i9788445810873 | ||
| 040 |
_aPE-LiUPU _bspa _cPE-LiUPU _dPE-LiUPU _erda |
||
| 041 | 1 |
_aspa _heng |
|
| 049 | _aPRUA | ||
| 082 | 0 | 4 |
_a616.8907 _bD8 _221 |
| 082 | 0 | 4 |
_a616.89 _bL86 2002 _221 |
| 100 | 1 |
_aLopez-Ibor Alino, Juan J., _eautor. |
|
| 245 | 1 | 0 |
_aDSM-IV-TR manual diagnóstico y estadístico de los trastornos mentales / _cJuan J. Lopez-Ibor Alino. |
| 250 | _aPrimera edición. | ||
| 264 | 1 |
_aBarcelona : _bElsevier Doyma, Masson, _c2002. |
|
| 300 |
_axxxiii,1049 páginas ; _c24 centímetros. |
||
| 336 |
_atext _2rdacontent |
||
| 337 |
_aunmediated _2rdamedia |
||
| 338 |
_avolume _2rdacarrier |
||
| 490 | 0 | _aBiblioteca del DSM-IV-TR | |
| 500 | _a'Texto revisado'. | ||
| 504 | _aIndices : páginas 939-1049. | ||
| 505 | 0 | _aUso del manual -- Clasificación DSM-IV-TR con códigos CIE-10 -- Evaluación multiaxial -- Trastornos de inicio en la infancia, la niñez o la adolescencia -- Delirium, demencia, trastornos amnésicos y otros trastornos cognoscitivos -- Trastornos mentales debidos a enfermedad médica -- Trastornos relacionados con sustancias -- Esquizofrenia y otros trastornos psicóticos -- Trastornos del estado de ánimo -- Trastornos de ansiedad -- Trastornos somatomorfos -- Trastornos facticios -- Trastornos disociativos -- Trastornos sexuales y de la identidad sexual -- Trastornos de la conducta alimentaria -- Trastornos del sueño -- Trastornos del control de impulsos no clasificados en otros apartados -- Trastornos adaptativos -- Trastornos de la personalidad -- Otros problemas que pueden ser objeto de atención clínica -- Códigos adicionales. | |
| 526 | _aP203 | ||
| 526 | _aP200 | ||
| 526 | _aSEG65 | ||
| 526 | _aSEG64 | ||
| 526 | _aSEG63 | ||
| 526 | _aSEG62 | ||
| 526 | _aSEG61 | ||
| 526 | _aSEG60 | ||
| 526 | _aSEG59 | ||
| 526 | _aSEG58 | ||
| 526 | _aSEG57 | ||
| 526 | _aSEG56 | ||
| 526 | _aSEG55 | ||
| 526 | _aSEG54 | ||
| 526 | _aSEG53 | ||
| 526 | _aSEG52 | ||
| 526 | _aSEG51 | ||
| 526 | _aSEG50 | ||
| 526 | _aSEG49 | ||
| 526 | _aSEG48 | ||
| 526 | _aSEG47 | ||
| 526 | _aSEG46 | ||
| 526 | _aSEG24 | ||
| 526 | _aSEG23 | ||
| 526 | _aSEG22 | ||
| 526 | _aSEG21 | ||
| 526 | _aSEG20 | ||
| 526 | _aSEG19 | ||
| 526 | _aSEG18 | ||
| 526 | _aSEG17 | ||
| 526 | _aSEG16 | ||
| 526 | _aSEG14 | ||
| 526 | _aSEG13 | ||
| 526 | _aSEG12 | ||
| 526 | _aSEG11 | ||
| 526 | _aSEG10 | ||
| 526 | _aSEG09 | ||
| 526 | _aSEG06 | ||
| 526 | _aSEG05 | ||
| 526 | _aSEG04 | ||
| 526 | _aSEG03 | ||
| 526 | _aSEG02 | ||
| 526 | _aSEG68 | ||
| 526 | _aSEG66 | ||
| 526 | _aSEG45 | ||
| 526 | _aSEG25 | ||
| 526 | _aSEG01 | ||
| 526 | _aP163 | ||
| 526 | _aP162 | ||
| 526 | _aP161 | ||
| 526 | _aP160 | ||
| 526 | _aP159 | ||
| 526 | _aP158 | ||
| 526 | _aP157 | ||
| 526 | _aP156 | ||
| 526 | _aP155 | ||
| 526 | _aP154 | ||
| 526 | _aP153 | ||
| 526 | _aP152 | ||
| 526 | _aP151 | ||
| 526 | _aP150 | ||
| 526 | _aP149 | ||
| 526 | _aP142 | ||
| 526 | _aP141 | ||
| 526 | _aP140 | ||
| 526 | _aP139 | ||
| 526 | _aP138 | ||
| 526 | _aP137 | ||
| 526 | _aP132 | ||
| 526 | _aP131 | ||
| 526 | _aP130 | ||
| 526 | _aP126 | ||
| 526 | _aP125 | ||
| 526 | _aP124 | ||
| 526 | _aP123 | ||
| 526 | _aP115 | ||
| 526 | _aP122 | ||
| 526 | _aP121 | ||
| 526 | _aP116 | ||
| 526 | _a P114 | ||
| 526 | _aP112 | ||
| 526 | _aP111 | ||
| 526 | _aP104 | ||
| 526 | _aP103 | ||
| 526 | _aP102 | ||
| 526 | _aP101 | ||
| 526 | _aP100 | ||
| 526 | _aP96 | ||
| 526 | _aP95 | ||
| 526 | _aP93 | ||
| 526 | _aP92 | ||
| 526 | _aP91 | ||
| 526 | _aP88 | ||
| 526 | _aP83 | ||
| 526 | _aP82 | ||
| 526 | _aP79 | ||
| 526 | _aP78 | ||
| 526 | _aP75 | ||
| 526 | _aP74 | ||
| 526 | _aP71 | ||
| 526 | _aP69 | ||
| 526 | _a P51 | ||
| 526 | _aP49 | ||
| 526 | _aP48 | ||
| 526 | _aP47 | ||
| 526 | _aP33 | ||
| 526 | _aP31 | ||
| 526 | _a P30 | ||
| 526 | _aP29 | ||
| 526 | _aP27 | ||
| 526 | _aP26 | ||
| 526 | _aP25 | ||
| 526 | _aP24 | ||
| 526 | _a P22 | ||
| 526 | _aP10 | ||
| 526 | _aP09 | ||
| 526 | _a P08 | ||
| 526 | _aP06 | ||
| 526 | _aP05 | ||
| 526 | _aP04 | ||
| 526 | _aP01 | ||
| 534 |
_pTítulo original : _tDiagnostic and statistical manual of mental disorders: DSM-IV-TR. |
||
| 541 | _g001-0033266; | ||
| 650 | 0 | 4 |
_aEnfermedades mentales _xDiagnóstico. |
| 650 | 0 | 4 |
_aEnfermedades mentales _xClasificación. |
| 910 | _agl20110907 | ||
| 910 |
_btqv _cwelc _d20161102 |
||
| 942 |
_2ddc _cBOOK |
||
| 949 |
_a616.8907 D8 _wDEWEY _c1 _i63650 _lCCODEBUL1 _mBUL _p202.00 _r0 _sY _tBOOK _u2015-7-6 _xSALUD _PP33 _o.STAFF. Colección Ciencias de la Salud |
||
| 949 |
_a616.89 L86 2002 _wDEWEY _c1 _iFJ03688 _lCCODEBUJ1 _mBUJ _p21.00 _r0 _sY _tBOOK _u2016-11-02 _xSALUD _PP33 _0COMPRA _o.STAFF. Colección General Juliaca |
||
| 994 |
_aC0 _bPEPRU |
||
| 596 | _a1 3 | ||
| 999 |
_a616.8907 D8 _wDEWEY _c52557 _i63650 _d52557 _e2019-11-20 _f2021-11-4 _g5 _lCCODEBUL1 _mBUL _n66 _p202.00 _q22 _r1 _sY _tBOOK _u2015-7-6 _xSALUD _zP33 _0COMPRA _o.STAFF. Colección Ciencias de la Salud |
||
| 999 |
_a616.89 L86 2002 _wDEWEY _c1 _iFJ03688 _d2019-11-25 _e2019-10-21 _f2022-1-25 _g4 _lCCODEBUJ1 _mBUJ _n49 _p58.00 _q36 _r0 _sY _tBOOK _u2016-11-2 _xSALUD _PP33 _0COMPRA _o.STAFF. Colección General Juliaca |
||
| 980 |
_81 _gALBERTO SANCHEZ Responsable de Automatización |
||